| 000 | 01086nam0a22002651 4500 | ||
|---|---|---|---|
| 001 | rc\4594435 | ||
| 005 | 20250612125553.0 | ||
| 021 |
_aRU _b[64-37561] |
||
| 035 | _a(NLR Aleph) 008663365 | ||
| 090 |
_a9075273 _c9075273 |
||
| 100 | _a20130416d1964 |||y0rusy50 ca | ||
| 101 | 0 | _arus | |
| 102 | _aRU | ||
| 105 | _aa z ||||| | ||
| 200 | 1 |
_aНормативная база машиностроительного завода _fНауч.-техн. о-во машиностроит. пром-сти. Обществ. ун-т |
|
| 210 |
_aМосква _cБ. и. _d1964 |
||
| 215 |
_a56 с. _cсхем. _d22 |
||
| 225 | 1 | _aЛекция заочных курсов усовершенствования ИТР по экономике, планированию и организации производства | |
| 606 |
_aМашиностроительные заводы _xНормирование _2psbo |
||
| 700 | 1 |
_aМетт _bГ.Я. _gГеоргий Яковлевич |
|
| 801 | 0 |
_aRU _bNLR _gpsbo |
|
| 801 | 1 |
_aRU _bELAR _2rusmarc |
|
| 852 |
_aNLR _j64-6/5544 |
||
| 942 | _cBOOK | ||
| 980 | _aNB | ||